LEADER 01543nam a2200349 u 4500 001 000000091279 003 CaOOAMICUS 005 20130904135348.0 008 060316s2005 enk u000 u eng u 020 $a0-521-81974-1 (hbk) 020 $a0-521-52578-0 (pbk) 035 $a11081437 040 $aEFR$bita 245 04$aThe Cambridge Companion to Maimonides /$cedited by Kenneth Seeskin. 260 $aCambridge :$bCambridge University Press,$cc2005. 300 $axv, 406 p. ;$c24 cm 490 1 $aCambridge companions to philosophy 504 $aBibliogr. p. 361-389. Index. 600 04$aMaimonides, Moses,$d1135-1204.$0(OLS)http://pul/subject/29789 650 0$aPhilosophy, Jewish.$2//eng$0(OLS)http://pul/subject/8055 700 1 $aSeeskin, Kenneth,$d1947-$0(OLS)http://pul/name/58981 830 0$aCambridge companions to philosophy.$0(OLS)http://pul/title/42015 850 $aPUL 852 $aPUL$W1$xSL Filosofia 2$y80$mPhil A8 72$j115008$nBK-PRI$b $qStampati altre collocazioni$B115008$CPULBib$Z2$F115008 $HPUL100348 $81 941 1 $a10 960 $aM?s? ibn Maim?n$d1135-1204$929789 960 $aMaimonide,$d1135-1204$929789 960 $aMaimonides,$d1135-1204$929789 996 $6020$a0-521-81974-1 (hbk)$9(OLS)http://pul/number/119668 996 $6020$a0-521-52578-0 (pbk)$9(OLS)http://pul/number/119669 996 $6245$aThe Cambridge Companion to Maimonides$9(OLS)http://pul/title/117854 996 $6260$aCambridge :$bCambridge University Press$9(OLS)http://pul/publisher/50125 LEADER 01324cam a22002894a 4500 001 000000105405 003 CaOOAMICUS 005 20070604103938.0 008 070604s2005 it b 001 0 ita 020 $a88-87324-66-2 040 $aDLC$b $cDLC$dPUL$dLDA 245 00$aConsonantia salutis :$bstudi su Ireneo di Lione /$ca cura di Enrico Cattaneo, Luigi Longobardo. 260 $aTrapani :$bIl pozzo di Giacobbe,$c2005. 300 $a267 p. ;$c22 cm. 490 1 $aOi christianoi ;$v1 504 $aInclude riferimenti bibliografici ed indice 600 04$aIrenaeus Lugdunensis,$cs., $d130/149-c. 198$tFrammenti.$0(OLS)http://pul/subject/11345 700 1 $aLongobardo, Luigi,$d1951-$0(OLS)http://pul/name/374 700 1 $aCattaneo, Enrico,$cS.I.,$d1943-$0(OLS)http://pul/name/2957 830 3$aOi christianoi ;$v1.$0(OLS)http://pul/title/132648 850 $aPUL 852 $aPUL$W1$xSL Religione 3$y85$m270. 1 CATEN 1$j118132$qDDC 21$B118043$CPULBib$Z2$F118043 $H103345 $82 941 1 $a9 983 0$aOi christianoi (Il pozzo di Giacobbe) 996 $6020$a88-87324-66-2$9(OLS)http://pul/number/134619 996 $6245$aConsonantia salutis :$bstudi su Ireneo di Lione$9(OLS)http://pul/title/132647 996 $6260$aTrapani :$bIl pozzo di Giacobbe$9(OLS)http://pul/publisher/79226